Estudio de los residuos (basura) en el area del Aeropuerto Internacional Juan Santamaria

محفوظ في:
التفاصيل البيبلوغرافية
المؤلف الرئيسي: Moreira Esquivel, Fernando Francisco
التنسيق: أطروحة كتاب
اللغة:Undetermined
منشور في: 1982
الموضوعات:
> > > > BASURA
الوسوم: إضافة وسم
لا توجد وسوم, كن أول من يضع وسما على هذه التسجيلة!

MARC

LEADER 00000nam a2200000Ia 4500
001 2022
008 140114s9999 xx 000 0 und d
100 |a Moreira Esquivel, Fernando Francisco 
245 |a Estudio de los residuos (basura) en el area del Aeropuerto Internacional Juan Santamaria 
260 |c 1982 
500 |a NULL 
502 |a Escuela de ingenieria Civil 
650 |z BASURA 
999 |c 11490  |d 11490